000 00445nam a2200157Ia 4500
003 GCL
008 140319s9999 xx 000 0 ara d
040 _aGCL /
_cGCL
082 0 4 _a250
_bت ا
245 1 0 _aاحكام الاحكام شرح عمدة الاحكام
260 _a[S.N] :
_bدار الكتب العلمية للنشر والتوزيع
300 _a267 ص
490 _a
650 0 4 _aالحديث - احكام
942 _2ddc
_cBK
999 _c53468
_d53468